Költözik a bútorgyár Kevesebb por és korom a Belvárosban /
Elmentve itt :
| Szerző: | |
|---|---|
| Dokumentumtípus: | Cikk |
| Megjelent: |
1974-08-06
|
| Sorozat: | Délmagyarország
64 No. 182 |
| Kulcsszavak: | bútorgyár |
| Online Access: | http://dmarchiv.bibl.u-szeged.hu/106028 |
| LEADER | 00482nab a2200157 i 4500 | ||
|---|---|---|---|
| 001 | delm106028 | ||
| 005 | 20190412105709.0 | ||
| 008 | 190412s1974 hu o 0|| hun d | ||
| 040 | |a SZTE Délmagyarország Archívum |b hun | ||
| 041 | |a hun | ||
| 100 | 1 | |a Szőke Mária | |
| 245 | 1 | 0 | |a Költözik a bútorgyár |h [elektronikus dokumentum] : |b Kevesebb por és korom a Belvárosban / |c Szőke Mária |
| 260 | |c 1974-08-06 | ||
| 300 | |a 1 | ||
| 490 | 0 | |a Délmagyarország |v 64 No. 182 | |
| 695 | |a bútorgyár | ||